| 000 | 00391nam a2200157Ia 4500 | ||
|---|---|---|---|
| 008 | 230711s9999||||xx |||||||||||||| ||und|| | ||
| 041 | _aENG | ||
| 082 |
_a720 _bSA-M |
||
| 100 | _aSangita Gupta | ||
| 245 | 0 | _aManpower needs of automated libraries | |
| 250 | _a1st Ed. | ||
| 260 |
_c1995 _aNew Delhi _bEss Ess Publication |
||
| 300 | _a281 | ||
| 650 | _aMechanical Engineering | ||
| 942 | _cBK | ||
| 999 |
_c3447 _d3447 |
||